[Event "K41 Aabent Mesterskab 2006-07"]
[Site "Valby"]
[Date "2007.01.02"]
[Round "4"]
[White "Edholm, Tommy"]
[Black "Krogh, Soren"]
[Result "1-0"]
[WhiteElo "1138"]
[BlackElo "1183"]
[PlyCount "101"]
[EventDate "2006.??.??"]

1. e4 c6 2. Nf3 d5 3. exd5 cxd5 4. d4 Bf5 5. Bb5+ Nc6 6. O-O e6 7. Ne5 Rc8 8.
Re1 Nf6 9. Nd2 Bd6 10. Ndf3 O-O 11. c3 a6 12. Nxc6 bxc6 13. Bxa6 Rb8 14. b3 Bg4
15. Be2 Ne4 16. Qc2 Bxf3 17. Bxf3 Qh4 18. g3 Qh3 19. c4 f5 20. Bg2 Qh5 21. cxd5
cxd5 22. Qd3 Rf6 23. Be3 g5 24. Rac1 f4 25. Bxe4 fxe3 26. Bxh7+ Kh8 27. Rxe3
Qxh7 28. Qxh7+ Kxh7 29. Kg2 Rbf8 30. Re2 Bb4 31. Rc6 g4 32. Rcxe6 Rf3 33. R6e5
Bc3 34. Rxd5 Rd3 35. Rd7+ Kg6 36. d5 Bb4 37. Ra7 Rxd5 38. Ra4 Bd6 39. Rxg4+ Kh7
40. Ra4 Rdf5 41. f4 Bc5 42. b4 Bd4 43. Kf3 Bb6 44. Re7+ Kg8 45. Ra6 Bd4 46. a4
Bc3 47. b5 Bb4 48. Rd7 Rc5 49. Raa7 Bc3 50. b6 Rb8 51. b7 1-0

[Event "K41 Aabent Mesterskab 2006-07"]
[Site "Valby"]
[Date "2007.01.02"]
[Round "4"]
[White "Eriksson, Christian Altenburg"]
[Black "Moller, Arne Vagn"]
[Result "1-0"]
[WhiteElo "1985"]
[BlackElo "1782"]
[PlyCount "61"]
[EventDate "2006.??.??"]

1. e4 c5 2. c3 d5 3. exd5 Qxd5 4. Nf3 Bg4 5. Be2 Nc6 6. d4 cxd4 7. cxd4 e6 8.
Nc3 Qd8 9. h3 Bh5 10. O-O Nf6 11. Be3 Be7 12. Qb3 O-O 13. Qxb7 Na5 14. Qa6 Nd5
15. Nxd5 Qxd5 16. Rfc1 Rfb8 17. Bd2 Nb7 18. g4 Bg6 19. Ne5 Nd8 20. Nxg6 hxg6
21. Qd3 Rxb2 22. Bc3 Rab8 23. Bxb2 Rxb2 24. Bf3 Qg5 25. Rc2 Rb6 26. Rd1 Bd6 27.
Bg2 f5 28. Qf3 Nf7 29. Qa8+ Kh7 30. Qxa7 fxg4 31. Rc3 1-0

[Event "K41 Aabent Mesterskab 2006-07"]
[Site "Valby"]
[Date "2007.01.02"]
[Round "4"]
[White "Hjortkjaer, Rolf"]
[Black "Sorensen, Hans Erik Then"]
[Result "1-0"]
[WhiteElo "1754"]
[BlackElo "1544"]
[PlyCount "65"]
[EventDate "2006.??.??"]

1. e4 c6 2. d4 d5 3. exd5 cxd5 4. c4 Nf6 5. Nc3 Bf5 6. Qb3 e6 7. Qxb7 Nbd7 8.
cxd5 exd5 9. Nf3 Rb8 10. Qxa7 Bb4 11. Be2 O-O 12. O-O Re8 13. Re1 Re6 14. Qa4
Qe7 15. Qd1 h6 16. Bd2 Re8 17. Kf1 Bxc3 18. Bxc3 Ne4 19. h3 Qf6 20. Bb5 Nxc3
21. bxc3 Rxe1+ 22. Nxe1 Qh4 23. Qf3 Be4 24. Qg4 Qxg4 25. hxg4 Re7 26. a4 Nb8
27. Nd3 f5 28. gxf5 Bxf5 29. Nc5 Bc8 30. Re1 Kf7 31. Rxe7+ Kxe7 32. a5 Kd6 33.
a6 1-0

[Event "K41 Aabent Mesterskab 2006-07"]
[Site "Valby"]
[Date "2007.01.02"]
[Round "4"]
[White "Hou, Mads"]
[Black "Eiholt, Bjarne"]
[Result "1-0"]
[WhiteElo "1537"]
[BlackElo "1444"]
[PlyCount "57"]
[EventDate "2006.??.??"]

1. e4 c6 2. d4 d5 3. e5 Bf5 4. Nf3 e6 5. Be2 c5 6. O-O Nc6 7. c3 Qb6 8. Na3
cxd4 9. cxd4 a6 10. Nc2 Nge7 11. Ne3 Be4 12. Ng5 Nxd4 13. Nxe4 Nxe2+ 14. Qxe2
dxe4 15. Nc4 Qc6 16. Nd6+ Kd7 17. Nxf7 Rg8 18. Be3 Nd5 19. Rfd1 Ke8 20. Rac1
Qd7 21. Ng5 h6 22. Nxe4 Qa4 23. Qg4 Qd7 24. Bxh6 Qf7 25. Bg5 Rh8 26. Rxd5 Qf5
27. Qxf5 exf5 28. Nd6+ Bxd6 29. exd6 1-0

[Event "K41 Aabent Mesterskab 2006-07"]
[Site "Valby"]
[Date "2007.01.02"]
[Round "4"]
[White "Ibsen, Johan"]
[Black "Kristensen, Sascha"]
[Result "1-0"]
[WhiteElo "1705"]
[BlackElo "1345"]
[PlyCount "43"]
[EventDate "2006.??.??"]

1. f4 c6 2. Nf3 d5 3. e3 Bg4 4. h3 Bd7 5. b3 e6 6. Bb2 Nf6 7. Nc3 Be7 8. Bd3
O-O 9. O-O g6 10. Qe1 a6 11. Ne5 Qc7 12. Ne2 b5 13. Qh4 Qd8 14. Qh6 c5 15. c4
bxc4 16. bxc4 dxc4 17. Bxc4 Bb5 18. Bxb5 axb5 19. Nf3 Nc6 20. Ng5 Qxd2 21. Bxf6
Qxe3+ 22. Kh1 1-0

[Event "K41 Aabent Mesterskab 2006-07"]
[Site "Valby"]
[Date "2007.01.02"]
[Round "4"]
[White "Jorgensen, Orla Eilegaard"]
[Black "Nielsen, John Holm"]
[Result "0-1"]
[WhiteElo "1459"]
[BlackElo "1971"]
[PlyCount "64"]
[EventDate "2006.??.??"]

1. Nf3 d5 2. d4 Nf6 3. c4 c6 4. Nc3 dxc4 5. a4 Bf5 6. Nh4 Bg4 7. h3 Bh5 8. g4
Bg6 9. Nxg6 hxg6 10. Bg2 e6 11. Qc2 Qxd4 12. Be3 Qe5 13. O-O-O Bc5 14. Bxc5
Qxc5 15. e3 Na6 16. Kb1 Nb4 17. Qe2 Nd3 18. Rd2 O-O-O 19. Rhd1 Rd7 20. e4 Rhd8
21. Bf1 Qxf2 22. Qxf2 Nxf2 23. Rxd7 Rxd7 24. Rxd7 Kxd7 25. e5 N6e4 26. Nxe4
Nxe4 27. Kc2 b5 28. Bg2 Nc5 29. axb5 cxb5 30. Kc3 Kc7 31. Bf1 Kb6 32. Kb4 Nd7
0-1

[Event "K41 Aabent Mesterskab 2006-07"]
[Site "Valby"]
[Date "2007.01.02"]
[Round "4"]
[White "Krull, Carl"]
[Black "Lichtenberg, Ivan"]
[Result "1-0"]
[WhiteElo "1375"]
[BlackElo "1258"]
[PlyCount "41"]
[EventDate "2006.??.??"]

1. e4 c5 2. Nf3 Nc6 3. d4 cxd4 4. Nxd4 d6 5. Nc3 Bd7 6. Bg5 Nf6 7. Bxf6 exf6 8.
Bc4 Qb6 9. Nxc6 Bxc6 10. Bb3 Be7 11. Nd5 Qa5+ 12. c3 Bd8 13. Qh5 Qb5 14. O-O-O
O-O 15. Rhe1 a5 16. Re3 a4 17. Bc2 g6 18. Qh6 Bd7 19. f4 Re8 20. f5 Qc4 21. Rh3
1-0

[Event "K41 Aabent Mesterskab 2006-07"]
[Site "Valby"]
[Date "2007.01.02"]
[Round "4"]
[White "Madsen, Poul Henrik"]
[Black "Laursen, Niels Norskov"]
[Result "0-1"]
[WhiteElo "2095"]
[BlackElo "2100"]
[PlyCount "118"]
[EventDate "2006.??.??"]

1. d4 Nf6 2. Nf3 c5 3. e3 g6 4. Bd3 Bg7 5. O-O O-O 6. Nbd2 b6 7. Qe2 Bb7 8. c3
cxd4 9. exd4 d6 10. Ne4 Nbd7 11. Re1 Re8 12. Bg5 Qc8 13. Nfd2 a6 14. f3 Bc6 15.
Nxf6+ Nxf6 16. Ne4 Nd5 17. Qf2 b5 18. Re2 a5 19. Rae1 h6 20. Bd2 f5 21. Ng3 e6
22. Nf1 Qd7 23. Qg3 Kh7 24. Qh3 Qf7 25. g4 Bd7 26. Bxh6 Bxh6 27. g5 Rh8 28. Rd2
Kg7 29. gxh6+ Rxh6 30. Qg3 Qf8 31. c4 Nb4 32. cxb5 Rc8 33. a4 f4 34. Qg4 Qf6
35. Re4 Rh4 36. Qg2 Rh5 37. Kh1 Rg5 38. Qe2 Rc1 39. Rd1 Rxd1 40. Qxd1 d5 41.
Re5 Rxe5 42. dxe5 Qxe5 43. Qe2 Qd4 44. Bb1 e5 45. Kg2 g5 46. Qf2 Bh3+ 47. Kg1
Qxf2+ 48. Kxf2 g4 49. Nd2 gxf3 50. Kxf3 Kf6 51. Nb3 Bf5 52. Bxf5 Kxf5 53. Nxa5
e4+ 54. Kf2 Nd3+ 55. Kf1 f3 56. Nb3 e3 57. Nd4+ Ke4 58. Nc2 e2+ 59. Kg1 f2+ 0-1

[Event "K41 Aabent Mesterskab 2006-07"]
[Site "Valby"]
[Date "2007.01.02"]
[Round "4"]
[White "Mikkelsen, Nikolaj"]
[Black "Nielsen, Michael"]
[Result "1-0"]
[WhiteElo "2281"]
[BlackElo "2043"]
[PlyCount "34"]
[EventDate "2006.??.??"]

1. e4 c5 2. Nf3 Nc6 3. Bb5 d6 4. O-O Bg4 5. h3 Bh5 6. c3 Qb6 7. Na3 O-O-O 8. g4
Bg6 9. d3 e6 10. b4 f5 11. bxc5 dxc5 12. Bf4 fxe4 13. Rb1 e5 14. Nc4 Qc7 15.
Nfxe5 Nxe5 16. Bxe5 Qe7 17. Qa4 Qe6 1-0

[Event "K41 Aabent Mesterskab 2006-07"]
[Site "Valby"]
[Date "2007.01.02"]
[Round "4"]
[White "Naes, Flovin Tor"]
[Black "Truelsen, Ole Illum"]
[Result "1-0"]
[WhiteElo "2227"]
[BlackElo "1786"]
[PlyCount "41"]
[EventDate "2006.??.??"]

1. c4 e6 2. g3 f5 3. Bg2 Nf6 4. Nf3 d5 5. O-O Bd6 6. d3 O-O 7. Nc3 c6 8. Qc2
Bd7 9. Re1 Be8 10. e4 fxe4 11. dxe4 Bg6 12. Ng5 Qe7 13. Qb3 Bc5 14. exd5 Bxf2+
15. Kxf2 Ng4+ 16. Kg1 Qc5+ 17. Be3 Nxe3 18. Na4 Qxc4 19. Rxe3 Qxb3 20. axb3
exd5 21. Nb6 1-0

[Event "K41 Aabent Mesterskab 2006-07"]
[Site "Valby"]
[Date "2007.01.02"]
[Round "4"]
[White "Nielsen, Jens Holm"]
[Black "Nielsen, Soren Skovso"]
[Result "1-0"]
[WhiteElo "1780"]
[BlackElo "1593"]
[PlyCount "107"]
[EventDate "2006.??.??"]

1. f4 d6 2. Nf3 Nc6 3. e4 e5 4. Bc4 Be7 5. fxe5 dxe5 6. c3 Bh4+ 7. g3 Bf6 8.
O-O Qe7 9. d4 Bh3 10. Bxf7+ Qxf7 11. Ng5 Qd7 12. Qh5+ g6 13. Qxh3 Qxh3 14. Nxh3
exd4 15. Bg5 Bxg5 16. Nxg5 Nh6 17. Ne6 Kd7 18. Nxd4 Rhe8 19. Nxc6 Kxc6 20. Rf6+
Kd7 21. Nd2 Rad8 22. Re1 Ke7 23. Rf2 Ng4 24. Rfe2 Ne5 25. Kg2 Nd3 26. Rf1 Nxb2
27. Rb1 Na4 28. Rxb7 Rd7 29. Nf3 Nxc3 30. Re3 Nd1 31. Ra3 a5 32. Rxa5 Ne3+ 33.
Kh3 Kf8 34. Re5 Ree7 35. Rxe7 Rxe7 36. e5 h6 37. Rb3 Nd5 38. Kg2 c5 39. Rd3 Nb4
40. Rc3 Ra7 41. a3 Nd5 42. Rxc5 Ne3+ 43. Kh3 Rxa3 44. Rc8+ Ke7 45. Rc7+ Kd8 46.
Rg7 Nd5 47. Rxg6 Ke7 48. Rd6 Rd3 49. Kh4 Rxf3 50. Rxd5 Ke6 51. Rd6+ Kxe5 52.
Rxh6 Rf2 53. h3 Rf3 54. g4 1-0

[Event "K41 Aabent Mesterskab 2006-07"]
[Site "Valby"]
[Date "2007.01.02"]
[Round "4"]
[White "Nielsen, Kai Gylling"]
[Black "Nilsson, Erling"]
[Result "1/2-1/2"]
[WhiteElo "1672"]
[BlackElo "1915"]
[PlyCount "123"]
[EventDate "2006.??.??"]

1. d4 Nf6 2. Nf3 d5 3. c4 e6 4. Nc3 c6 5. Bg5 dxc4 6. e4 b5 7. e5 h6 8. Bh4 g5
9. Nxg5 hxg5 10. Bxg5 Nbd7 11. exf6 Bb7 12. Be2 Bh6 13. Bxh6 Rxh6 14. Bf3 Qc7
15. h3 Nxf6 16. Qd2 Rg6 17. Ne4 O-O-O 18. O-O-O Kb8 19. Nxf6 Rxf6 20. Rhe1 c5
21. Bxb7 Rxd4 22. Qe3 Rxd1+ 23. Rxd1 Kxb7 24. Qe4+ Kb6 25. Rd2 Rf5 26. a4 Re5
27. Qf3 a6 28. Qd1 Rf5 29. Rd6+ Ka5 30. axb5 axb5 31. f4 c3 32. g3 c4 33. bxc3
Qc5 34. Kb2 Qf2+ 35. Rd2 Qxg3 36. Qa1+ Kb6 37. Rd6+ Kc7 38. Rd2 Rd5 39. Qa7+
Kc6 40. Qa6+ Kc7 41. Qa7+ Kd6 42. Qb8+ Ke7 43. Rxd5 Qg2+ 44. Ka3 Qxd5 45. Kb4
Qd1 46. Qxb5 Qb3+ 47. Kc5 Qxc3 48. Qxc4 Qxh3 49. Kd4 Qh8+ 50. Ke3 Qb8 51. Qc5+
Qd6 52. Qg5+ Kd7 53. Qf6 Qc5+ 54. Kf3 Qf5 55. Qa1 Qh3+ 56. Ke4 Qg2+ 57. Ke3
Qg3+ 58. Ke2 Qxf4 59. Qa7+ Ke8 60. Qa8+ Ke7 61. Qa7+ Kf6 62. Qg1 1/2-1/2

[Event "K41 Aabent Mesterskab 2006-07"]
[Site "Valby"]
[Date "2007.01.02"]
[Round "4"]
[White "Rasmussen, Morten(1956)"]
[Black "Ottosen, Peder"]
[Result "0-1"]
[WhiteElo "1742"]
[BlackElo "1983"]
[PlyCount "86"]
[EventDate "2006.??.??"]

1. d4 b6 2. c4 Bb7 3. Nc3 e6 4. Nf3 f5 5. b3 Nf6 6. Bb2 Ne4 7. a3 Be7 8. Nd2
O-O 9. Ndxe4 fxe4 10. d5 exd5 11. Nxd5 Bh4 12. g3 Bg5 13. e3 c6 14. Nf4 Na6 15.
Be2 Nc7 16. Be5 Bf6 17. Qd4 Qe7 18. Bxf6 Rxf6 19. Bg4 Rd8 20. O-O d5 21. Rfd1
Rfd6 22. c5 bxc5 23. Qxc5 Na6 24. Qa5 c5 25. Ne2 d4 26. exd4 cxd4 27. Qd2 e3
28. fxe3 Qe4 29. Nf4 Qh1+ 30. Kf2 Qxh2+ 31. Kf1 Qxg3 32. Qe2 Rh6 33. Bh3 Rxh3
34. Nxh3 Qxh3+ 35. Ke1 Qh4+ 36. Kd2 dxe3+ 37. Kc2 Be4+ 38. Kb2 Qf6+ 39. Ka2
Rxd1 40. Rxd1 Qf2 41. Qxf2 exf2 42. Rf1 g5 43. Rxf2 g4 0-1

[Event "K41 Aabent Mesterskab 2006-07"]
[Site "Valby"]
[Date "2007.01.02"]
[Round "4"]
[White "Roder, Peter Ulrik"]
[Black "Andersen, Niels Erik"]
[Result "0-1"]
[WhiteElo "2029"]
[BlackElo "1860"]
[PlyCount "66"]
[EventDate "2006.??.??"]

1. d4 d5 2. c4 e6 3. Nc3 Nf6 4. Nf3 Be7 5. g3 O-O 6. Bg2 Nbd7 7. O-O c6 8. Re1
Re8 9. e4 dxe4 10. Nxe4 Nb6 11. b3 Bb4 12. Bd2 Bxd2 13. Qxd2 Nxe4 14. Rxe4 Nd7
15. Rae1 b6 16. Ne5 Bb7 17. Rh4 Nxe5 18. Rxe5 f5 19. c5 Qf6 20. f4 Rad8 21. b4
Rd7 22. b5 Red8 23. bxc6 Rxd4 24. Qxd4 Rxd4 25. cxb7 Qd8 26. h3 bxc5 27. Rxc5
Qb6 28. Kh2 Rd1 29. Rh5 Rb1 30. Rc8+ Kf7 31. g4 Qg1+ 32. Kg3 Qe3+ 33. Bf3 Qe1+
0-1

[Event "K41 Aabent Mesterskab 2006-07"]
[Site "Valby"]
[Date "2007.01.02"]
[Round "4"]
[White "Tandrup, Michael"]
[Black "Hagen, Andreas Skytte"]
[Result "0-1"]
[WhiteElo "1866"]
[BlackElo "2259"]
[PlyCount "38"]
[EventDate "2006.??.??"]

1. d4 d5 2. Nf3 Nf6 3. e3 c6 4. Bd3 Bg4 5. O-O Nbd7 6. b3 e5 7. dxe5 Nxe5 8.
Be2 Bxf3 9. Bxf3 Bd6 10. Bb2 Qc7 11. Be2 O-O-O 12. Qd4 Kb8 13. Nd2 h5 14. f4
Neg4 15. h3 Qe7 16. hxg4 hxg4 17. g3 Nh5 18. Bxg4 Nxg3 19. Nf3 Ne2+ 0-1

[Event "K41 Aabent Mesterskab 2006-07"]
[Site "Valby"]
[Date "2007.01.02"]
[Round "4"]
[White "Walli, Aqil Raad"]
[Black "Jorgensen, Kasper Moller"]
[Result "0-1"]
[WhiteElo "1631"]
[BlackElo "1930"]
[PlyCount "130"]
[EventDate "2006.??.??"]

1. e4 e6 2. d4 d5 3. e5 c5 4. Nf3 cxd4 5. Nxd4 Nc6 6. Bb5 Bd7 7. Bxc6 bxc6 8.
O-O Ne7 9. f4 Qb6 10. c3 h5 11. b3 Nf5 12. Kh1 g6 13. Nxf5 gxf5 14. Nd2 c5 15.
Nf3 Bc6 16. Be3 Rd8 17. b4 Bb5 18. Rf2 Qc6 19. a4 Bc4 20. bxc5 Bxc5 21. Bd4 Rb8
22. Ng5 Ke7 23. Rb1 a6 24. Rfb2 Rxb2 25. Rxb2 Bxd4 26. Qxd4 Rc8 27. h3 Rc7 28.
Qd1 Rb7 29. Rxb7+ Qxb7 30. Qxh5 Ke8 31. Nxe6 Qe7 32. Qxf5 Qxe6 33. Qxe6+ fxe6
34. a5 Bd3 35. Kg1 Kd7 36. Kf2 Kc6 37. g4 Kb5 38. Ke3 Bf1 39. h4 Kc4 40. f5
Kxc3 41. f6 d4+ 42. Kf2 d3 43. f7 d2 44. f8=Q d1=Q 45. Qf3+ Qxf3+ 46. Kxf3 Kb4
47. g5 Bd3 48. h5 Kxa5 49. g6 Kb4 50. Kf4 a5 51. Kg5 a4 52. h6 a3 53. h7 a2 54.
h8=Q a1=Q 55. Qb8+ Kc3 56. Qc7+ Kd2 57. Qg7 Ke3 58. Qf6 Qg1+ 59. Kh6 Qxg6+ 60.
Qxg6 Bxg6 61. Kxg6 Ke4 62. Kg5 Kxe5 63. Kg4 Ke4 64. Kg3 Ke3 65. Kg2 Ke2 0-1

[Event "K41 Aabent Mesterskab 2006-07"]
[Site "Valby"]
[Date "2007.01.02"]
[Round "4"]
[White "Weinreich, Per C"]
[Black "Christensen, Esben"]
[Result "0-1"]
[WhiteElo "1800"]
[BlackElo "2002"]
[PlyCount "124"]
[EventDate "2006.??.??"]

1. e4 c5 2. Ne2 e6 3. Nbc3 Nc6 4. d3 d5 5. exd5 exd5 6. g3 Nf6 7. Bg2 Be7 8.
O-O O-O 9. Bg5 Bg4 10. Bxf6 Bxf6 11. Nxd5 Bxb2 12. Rb1 Nd4 13. Ndf4 Re8 14. f3
Nxe2+ 15. Nxe2 Bd4+ 16. Nxd4 Qxd4+ 17. Kh1 Be6 18. Rxb7 Bxa2 19. Qa1 Bd5 20.
Qxd4 cxd4 21. Rb4 a5 22. Rxd4 Bc6 23. Rc4 Re6 24. f4 Bxg2+ 25. Kxg2 a4 26. Ra1
g6 27. Kf3 a3 28. Ra2 h5 29. Rc3 Rea6 30. d4 Kf8 31. Re3 Ra4 32. Ke4 Rd8 33. c3
Rb8 34. Ree2 Ke7 35. Kd3+ Kd6 36. Rec2 Rb3 37. Re2 Ra8 38. Re1 Rc8 39. Rc1 Kd5
40. Rcc2 Rc4 41. Rc1 Rc8 42. Rcc2 Rcb8 43. Re2 f6 44. Re1 Rc8 45. Rc1 Rc4 46.
Kd2 Ra4 47. Kd3 Rab4 48. Rca1 Rc4 49. Rc1 Rc8 50. Rcc2 Rc7 51. Rc1 Re7 52. Rca1
Rc7 53. Rc1 Rc4 54. Kd2 g5 55. fxg5 fxg5 56. Kd3 h4 57. gxh4 gxh4 58. Re2 Rxd4+
59. Ke3 Re4+ 60. Kd3 Rxe2 61. Kxe2 Rb2+ 62. Kd3 a2 0-1

[Event "K41 Aabent Mesterskab 2006-07"]
[Site "Valby"]
[Date "2007.01.09"]
[Round "5"]
[White "Abildgaard, Kenneth"]
[Black "Walli, Aqil Raad"]
[Result "1/2-1/2"]
[WhiteElo "1470"]
[BlackElo "1631"]
[PlyCount "153"]
[EventDate "2006.??.??"]

1. c4 c5 2. Nf3 Nf6 3. g3 e6 4. d4 cxd4 5. Qxd4 Nc6 6. Qd1 Bc5 7. Bg2 Ng4 8.
O-O Qb6 9. e3 O-O 10. b3 Rd8 11. Nc3 Bb4 12. Na4 Qc7 13. a3 Be7 14. h3 Nf6 15.
Bb2 d5 16. Qc2 Na5 17. Be5 Bd6 18. Bxf6 gxf6 19. c5 b5 20. Nc3 Be7 21. b4 Nc4
22. Nxb5 Qb7 23. Nc3 f5 24. Nd4 Bd7 25. Nxd5 exd5 26. Qxc4 Be6 27. Qd3 Bf6 28.
Rac1 Bxd4 29. Qxd4 Qc6 30. Rb1 Rab8 31. Qd3 a6 32. Rfc1 Qb5 33. Bf1 Qxd3 34.
Bxd3 Ra8 35. a4 d4 36. Bc4 d3 37. Bxe6 fxe6 38. Rd1 Rd5 39. Rb3 Rad8 40. c6 Kf7
41. Kf1 e5 42. b5 axb5 43. axb5 Rc5 44. Rdxd3 Rxd3 45. Rxd3 Rxb5 46. Rd7+ Kg6
47. Kg2 Rc5 48. c7 e4 49. g4 h6 50. Kg3 Rc2 51. Rd6+ Kg7 52. Rd5 fxg4 53. hxg4
Rxc7 54. Rf5 Rc4 55. Kf4 Kg6 56. Ke5 Ra4 57. Rf4 Kg5 58. f3 Ra5+ 59. Kxe4 Ra4+
60. Kd3 Rxf4 61. exf4+ Kxf4 62. Ke2 h5 63. gxh5 Kg5 64. Ke3 Kxh5 65. Kf4 Kg6
66. Ke5 Kf7 67. f4 Ke7 68. f5 Kf7 69. Kd4 Kf6 70. Ke4 Kf7 71. Ke5 Ke7 72. Kf4
Kf6 73. Ke4 Ke7 74. Ke5 Kf7 75. Kf4 Kf6 76. Kg4 Kg7 77. Kg5 1/2-1/2

[Event "K41 Aabent Mesterskab 2006-07"]
[Site "Valby"]
[Date "2007.01.09"]
[Round "5"]
[White "Christensen, Esben"]
[Black "Truelsen, Ole Illum"]
[Result "1-0"]
[WhiteElo "2002"]
[BlackElo "1786"]
[PlyCount "75"]
[EventDate "2006.??.??"]

1. e4 e6 2. Nf3 d5 3. Nc3 d4 4. Ne2 c5 5. Ng3 Nc6 6. a4 Bd6 7. Bc4 Nge7 8. d3
O-O 9. Ng5 h6 10. Nh3 Ng6 11. f4 Kh7 12. O-O f5 13. exf5 Nge7 14. fxe6 Na5 15.
Ba2 c4 16. Bd2 Bxe6 17. Qh5 Bxh3 18. gxh3 c3 19. bxc3 dxc3 20. Be3 Nac6 21. Ne4
Nf5 22. Ng5+ Kh8 23. Ne6 Qe8 24. Qg4 Rf6 25. Bf2 Rg6 26. Ng5 hxg5 27. Rae1 Qf8
28. fxg5 Ne5 29. Qh5+ Nh6 30. Bg3 Qe8 31. Bf7 Bc5+ 32. Kh1 Qc6+ 33. Re4 Nexf7
34. Rxf7 Re8 35. Rc7 Rxe4 36. Rxc6 Re1+ 37. Bxe1 bxc6 38. Qxg6 1-0

[Event "K41 Aabent Mesterskab 2006-07"]
[Site "Valby"]
[Date "2007.01.09"]
[Round "5"]
[White "Eiholt, Bjarne"]
[Black "Krogh, Soren"]
[Result "0-1"]
[WhiteElo "1444"]
[BlackElo "1183"]
[PlyCount "94"]
[EventDate "2006.??.??"]

1. d4 d5 2. c4 c6 3. Nc3 e5 4. dxe5 d4 5. Ne4 Qa5+ 6. Bd2 Qxe5 7. Ng3 Nf6 8.
Nf3 Qc7 9. e3 dxe3 10. Bxe3 Bg4 11. h3 Be6 12. Bd3 Bd6 13. O-O Bxg3 14. fxg3
Qxg3 15. Bf2 Qc7 16. Qc2 Nbd7 17. Ng5 Nf8 18. b4 h6 19. Ne4 Nxe4 20. Bxe4 g5
21. Qc3 Rg8 22. Bg3 Qe7 23. c5 h5 24. Bd6 Qd7 25. Rad1 Qc8 26. Qf6 Qd8 27. Be7
Qxe7 28. Qf3 g4 29. Qf2 gxh3 30. g3 h4 31. g4 Rxg4+ 32. Kh1 Rxe4 33. Rd6 Bg4
34. Rf6 Re2 35. Rxf7 Qe4+ 36. Kg1 h2+ 37. Qxh2 Rxh2 38. Rxf8+ Kd7 39. R8f7+ Ke6
40. R1f6+ Ke5 41. Re7+ Kxf6 42. Rxe4 Rd2 43. Rxg4 Re8 44. Rf4+ Kg5 45. Rf1 Ree2
46. a4 Rg2+ 47. Kh1 Rh2+ 0-1

[Event "K41 Aabent Mesterskab 2006-07"]
[Site "Valby"]
[Date "2007.01.09"]
[Round "5"]
[White "Hagen, Andreas Skytte"]
[Black "Eriksson, Christian Altenburg"]
[Result "1/2-1/2"]
[WhiteElo "2259"]
[BlackElo "1985"]
[PlyCount "110"]
[EventDate "2006.??.??"]

1. Nf3 c5 2. c4 g6 3. d4 cxd4 4. Nxd4 Bg7 5. e4 Nc6 6. Be3 Nf6 7. Nc3 O-O 8.
Be2 d6 9. O-O Bd7 10. Qd2 Ng4 11. Bxg4 Bxg4 12. f3 Bd7 13. Rfd1 Re8 14. Nd5 Ne5
15. b3 Bc6 16. Rac1 Rc8 17. Nb4 Bd7 18. Nd5 Bc6 19. a4 Nd7 20. Nb4 Ne5 21.
Ndxc6 bxc6 22. c5 a5 23. Nd3 Rb8 24. Nxe5 Bxe5 25. Bd4 Bxd4+ 26. Qxd4 Rxb3 27.
cxd6 exd6 28. Rxc6 Rb4 29. Qxd6 Qxd6 30. Rdxd6 Rxa4 31. Rd2 Ra8 32. Rc7 Rb4 33.
Rdd7 Rf8 34. Kf2 a4 35. Ra7 g5 36. e5 Rb2+ 37. Kg3 Re2 38. Re7 h5 39. Rxa4 Kg7
40. Raa7 Kg6 41. Ra6+ Kg7 42. e6 Rc8 43. h4 gxh4+ 44. Kxh4 Rxg2 45. Kh3 Rg6 46.
Raa7 Rc1 47. Rxf7+ Kh6 48. Rh7+ Kg5 49. Rhf7 Rc3 50. e7 Re3 51. Kg3 Rge6 52.
Rg7+ Kh6 53. Kf4 R3e5 54. Kg3 Rg6+ 55. Rxg6+ Kxg6 1/2-1/2

[Event "K41 Aabent Mesterskab 2006-07"]
[Site "Valby"]
[Date "2007.01.09"]
[Round "5"]
[White "Hou, Mads"]
[Black "Nielsen, Morten"]
[Result "0-1"]
[WhiteElo "1537"]
[BlackElo "1921"]
[PlyCount "88"]
[EventDate "2006.??.??"]

1. e4 Nf6 2. Nc3 Nc6 3. d4 e5 4. dxe5 Nxe5 5. f4 Nc6 6. e5 Ng8 7. Be3 d6 8. Bb5
Bd7 9. Nf3 dxe5 10. fxe5 Bb4 11. O-O h6 12. Nd5 Ba5 13. Qe2 Nge7 14. Rad1 a6
15. Bc4 Nxd5 16. Bxd5 Qe7 17. Bf2 O-O 18. Bh4 Qe8 19. c3 Bg4 20. Rde1 Qd7 21.
Qe4 Rae8 22. Bxc6 bxc6 23. Nd4 Bb6 24. Kh1 Bxd4 25. cxd4 Rb8 26. Rf2 Rb4 27.
Rf4 Be6 28. Qe3 Rxb2 29. Qg3 Bd5 30. Rg4 Rxg2 31. Rxg7+ Kh8 32. Qxg2 Bxg2+ 33.
Rxg2 Qd5 34. Bf6+ Kh7 35. h4 Rg8 36. Reg1 h5 37. Kh2 Rg6 38. Rg5 Rxg5 39. Rxg5
Qxa2+ 40. Kg3 Qb3+ 41. Kf4 Qd1 42. Rg7+ Kh6 43. Rxf7 Qxd4+ 44. Kf5 Qg4# 0-1

[Event "K41 Aabent Mesterskab 2006-07"]
[Site "Valby"]
[Date "2007.01.09"]
[Round "5"]
[White "Ibsen, Johan"]
[Black "Weinreich, Per C"]
[Result "0-1"]
[WhiteElo "1705"]
[BlackElo "1800"]
[PlyCount "61"]
[EventDate "2006.??.??"]

1. e4 c5 2. Nc3 Nc6 3. f4 d6 4. Nf3 g6 5. Bc4 e6 6. O-O Bg7 7. d3 Nge7 8. Qe1
O-O 9. Ne2 d5 10. exd5 exd5 11. Bb3 b5 12. c3 Nf5 13. Qf2 d4 14. Bd2 Re8 15.
Ng5 Re7 16. Rae1 h6 17. Ne4 c4 18. dxc4 Rxe4 19. Qf3 dxc3 20. bxc3 Qb6+ 21. Kh1
Re7 22. cxb5 Qxb5 23. Bd5 Bd7 24. c4 Qc5 25. Rb1 Rae8 26. Rb5 Qd6 27. Ng3 Nfd4
28. Qd3 Nxb5 29. cxb5 Nd8 30. a4 Be6 31. Ne4 0-1

[Event "K41 Aabent Mesterskab 2006-07"]
[Site "Valby"]
[Date "2007.01.09"]
[Round "5"]
[White "Jorgensen, Kasper Moller"]
[Black "Madsen, Poul Henrik"]
[Result "0-1"]
[WhiteElo "1930"]
[BlackElo "2095"]
[PlyCount "48"]
[EventDate "2006.??.??"]

1. e4 c6 2. Nc3 d5 3. Nf3 Nf6 4. e5 Ne4 5. d4 Bg4 6. Qd3 Qa5 7. Bd2 Nxd2 8.
Nxd2 e6 9. Qg3 Bf5 10. Nb3 Qc7 11. O-O-O a5 12. a4 b5 13. axb5 a4 14. Nc5 a3
15. Bd3 Bxc5 16. dxc5 axb2+ 17. Kd2 O-O 18. b6 Qe7 19. Qe3 Nd7 20. Bxf5 exf5
21. Rhe1 Nxe5 22. Rb1 d4 23. Qf3 dxc3+ 24. Kxc3 Ra3+ 0-1

[Event "K41 Aabent Mesterskab 2006-07"]
[Site "Valby"]
[Date "2007.01.09"]
[Round "5"]
[White "Jorgensen, Orla Eilegaard"]
[Black "Olsen, Joe Flyckt"]
[Result "0-1"]
[WhiteElo "1459"]
[BlackElo "1712"]
[PlyCount "56"]
[EventDate "2006.??.??"]

1. f4 d5 2. e3 c5 3. b3 Nc6 4. Nf3 Bg4 5. Bb5 a6 6. Bxc6+ bxc6 7. Bb2 e6 8. h3
Bh5 9. g4 Bg6 10. h4 h5 11. g5 Ne7 12. Nc3 Nf5 13. Ne2 Qa5 14. Bc3 Qb6 15. Bb2
Bd6 16. Ne5 O-O 17. Nd7 Qb4 18. Kf2 Rfd8 19. a3 Qb5 20. a4 Qb4 21. Ba3 Qa5 22.
Ne5 Bxe5 23. fxe5 d4 24. exd4 cxd4 25. Nf4 Ne3 26. Qf3 Qxd2+ 27. Kg1 Qxc2 28.
Nxh5 Bxh5 0-1

[Event "K41 Aabent Mesterskab 2006-07"]
[Site "Valby"]
[Date "2007.01.09"]
[Round "5"]
[White "Kristensen, Sascha"]
[Black "Frederiksen, Alan"]
[Result "0-1"]
[WhiteElo "1345"]
[BlackElo "1638"]
[PlyCount "78"]
[EventDate "2006.??.??"]

1. d4 Nf6 2. c4 e6 3. a3 b6 4. Nc3 d5 5. e3 Bb7 6. Nf3 Be7 7. b3 O-O 8. Bb2
Nbd7 9. Be2 Re8 10. O-O Bf8 11. Qc2 c6 12. Rfd1 Rc8 13. Nd2 dxc4 14. bxc4 c5
15. f3 cxd4 16. exd4 e5 17. d5 a6 18. Rac1 Nh5 19. Bd3 g6 20. Ne2 Bxd5 21. Qa4
Bc6 22. Qc2 Bc5+ 23. Kf1 Qh4 24. Ne4 Bxe4 25. Nc3 Ng3+ 26. hxg3 Qh1+ 27. Ke2
Qxg2+ 28. Ke1 Qg1+ 29. Kd2 Qf2+ 30. Ne2 Bxd3 31. Qxd3 e4 32. fxe4 Ne5 33. Bxe5
Rcd8 34. Bd4 Rxd4 35. Qxd4 Bxd4 36. Rf1 Qe3+ 37. Kd1 Be5 38. a4 Rd8+ 39. Ke1
Bxg3+ 0-1

[Event "K41 Aabent Mesterskab 2006-07"]
[Site "Valby"]
[Date "2007.01.09"]
[Round "5"]
[White "Kristensen, Steffen Michael"]
[Black "Nielsen, Jens Holm"]
[Result "0-1"]
[WhiteElo "1275"]
[BlackElo "1780"]
[PlyCount "50"]
[EventDate "2006.??.??"]

1. e4 d5 2. exd5 Qxd5 3. Nc3 Qd6 4. d4 Nf6 5. Bc4 c6 6. a4 Bg4 7. Qd3 e6 8.
Nge2 Bf5 9. Qd2 Nbd7 10. Bd3 Bg6 11. Bxg6 hxg6 12. Qf4 Nh5 13. Qxd6 Bxd6 14.
Ne4 Bc7 15. Be3 Nhf6 16. Nxf6+ gxf6 17. Bf4 O-O-O 18. Bxc7 Kxc7 19. O-O-O Nb6
20. b3 e5 21. h3 e4 22. Rhe1 Nd5 23. Kb2 f5 24. Nc3 Nf4 25. g3 Nxh3 0-1